सौम्यमूर्ति : सोमभाई : अभिनंदन ग्रन्थ (Record no. 31432)
[ view plain ]
| 000 -LEADER | |
|---|---|
| fixed length control field | 00426nam a22001217a 4500 |
| 003 - CONTROL NUMBER IDENTIFIER | |
| control field | SGT |
| 082 ## - DEWEY DECIMAL CLASSIFICATION NUMBER | |
| Classification number | 891.4309 |
| Item number | S99R |
| 100 ## - MAIN ENTRY--PERSONAL NAME | |
| Personal name | राही, रामचंद्र |
| 245 ## - TITLE STATEMENT | |
| Title | सौम्यमूर्ति : सोमभाई : अभिनंदन ग्रन्थ |
| 260 ## - PUBLICATION, DISTRIBUTION, ETC. (IMPRINT) | |
| Name of publisher, distributor, etc | सोमभाई राष्ट्रीय अभिनंदन समिति |
| Year of Publication | 1999 |
| 300 ## - PAGE DESCRIPTION | |
| No. of Pages | 245 |
| 942 ## - ADDED ENTRY ELEMENTS (KOHA) | |
| Source of classification or shelving scheme | Dewey Decimal Classification |
| Koha item type | Books |
| Withdrawn status | Lost status | Source of classification or shelving scheme | Damaged status | Not for loan | Home library | Current library | Shelving location | Date acquired | SGTU | Total Checkouts | Full call number | Accession No. (Barcode) | Date last seen | Bill Date | Koha item type |
|---|---|---|---|---|---|---|---|---|---|---|---|---|---|---|---|
| Dewey Decimal Classification | Not For Loan | SGT Chancellor's Library | SGT Chancellor's Library | Reference Book | 16/06/2025 | SGTU | 891.4309 S99R | CH3424 | 16/06/2025 | 16/06/2025 | Books |